000
00282nam a22001097a 4500
082
_a
530
100
_a
Raj,DR Manish
_9
83080
245
_a
PHYSICS MED EASY 2.0 Class Notes In Handwritten Format
260
_b
Physics Wallah Publication
_c
2025
650
_a
Physics
942
_c
C. BOOKS
999
_c
67872
_d
67872